000 00840nam a2200253Ia 4500
003 OSt
005 20220923224930.0
006 a|||||r|||| 00| 0
007 ta
008 220922b |||||||| |||| 00| 0 hin d
024 _a253,833
037 _cTextual
040 _aARTS
_cARTS
_bhin
041 _2hin
_ahin
082 _aO152,3M80:g, J2
100 _aशर्मा, रामविलास
245 0 _aप्रेमचन्द और उनका युग
246 _aPremachanda aur unakā yuga
260 _aनयी दिल्ली
_b राजकमल प्रकाशन
_c1952
300 _a198पृ.
_ccm.
650 _aहिन्दी साहित्य
_9156264
942 _hO152,3M80:g, J2
_cTEXL
_2CC
999 _c374758
_d374758